<?xml version="1.0" encoding="UTF-8"?>
<collection xmlns="http://www.loc.gov/MARC21/slim">
 <record>
  <leader>00938nam a22002537a 4500</leader>
  <controlfield tag="001">42607</controlfield>
  <controlfield tag="003">BD-DhAAL</controlfield>
  <controlfield tag="005">20250819114427.0</controlfield>
  <controlfield tag="008">240526t1998    enka|||| b||| 00| 0 eng d</controlfield>
  <datafield tag="040" ind1=" " ind2=" ">
   <subfield code="a">BD-DhAAL</subfield>
   <subfield code="d">BD-DhAAL</subfield>
  </datafield>
  <datafield tag="082" ind1=" " ind2=" ">
   <subfield code="a">615.58</subfield>
  </datafield>
  <datafield tag="240" ind1=" " ind2=" ">
   <subfield code="a">New England journal of medicine.</subfield>
  </datafield>
  <datafield tag="245" ind1=" " ind2=" ">
   <subfield code="a">The new England journal of medicine,</subfield>
   <subfield code="n">Jan-Jul 1998.</subfield>
  </datafield>
  <datafield tag="264" ind1=" " ind2=" ">
   <subfield code="a">England, Massachusetts :</subfield>
   <subfield code="b">Massachusetts Medical Society,</subfield>
   <subfield code="c">1998.</subfield>
  </datafield>
  <datafield tag="300" ind1=" " ind2=" ">
   <subfield code="a">v. :</subfield>
   <subfield code="b">color illustrations ; </subfield>
   <subfield code="c">27 cm.</subfield>
  </datafield>
  <datafield tag="362" ind1=" " ind2=" ">
   <subfield code="a">Vol. 338, no. 1-26</subfield>
  </datafield>
  <datafield tag="500" ind1=" " ind2=" ">
   <subfield code="a">This book contains volume 338, no. 1-26.</subfield>
  </datafield>
  <datafield tag="541" ind1=" " ind2=" ">
   <subfield code="a">World book agency</subfield>
   <subfield code="e">42607</subfield>
  </datafield>
  <datafield tag="650" ind1=" " ind2=" ">
   <subfield code="a">Drug therapy.</subfield>
  </datafield>
  <datafield tag="650" ind1=" " ind2=" ">
   <subfield code="a">Chemotherapy.</subfield>
  </datafield>
  <datafield tag="650" ind1=" " ind2=" ">
   <subfield code="a">Drugs.</subfield>
   <subfield code="v">Periodicals.</subfield>
   <subfield code="9">56412</subfield>
  </datafield>
  <datafield tag="942" ind1=" " ind2=" ">
   <subfield code="2">ddc</subfield>
   <subfield code="c">BK</subfield>
  </datafield>
  <datafield tag="999" ind1=" " ind2=" ">
   <subfield code="c">46673</subfield>
   <subfield code="d">46673</subfield>
  </datafield>
  <datafield tag="952" ind1=" " ind2=" ">
   <subfield code="0">0</subfield>
   <subfield code="1">0</subfield>
   <subfield code="2">ddc</subfield>
   <subfield code="4">0</subfield>
   <subfield code="6">615_580000000000000_NEW</subfield>
   <subfield code="7">1</subfield>
   <subfield code="9">75543</subfield>
   <subfield code="a">BRACUL</subfield>
   <subfield code="b">BRACUL</subfield>
   <subfield code="c">REF</subfield>
   <subfield code="d">2024-05-26</subfield>
   <subfield code="e">World Book Agency</subfield>
   <subfield code="l">0</subfield>
   <subfield code="o">615.58 NEW</subfield>
   <subfield code="p">3010042607</subfield>
   <subfield code="r">2024-05-26</subfield>
   <subfield code="t">1</subfield>
   <subfield code="w">2024-05-26</subfield>
   <subfield code="y">BK</subfield>
   <subfield code="x">World Book Agency</subfield>
  </datafield>
 </record>
</collection>
